• 首页
  • 本馆介绍
  • 公告通知
  • 最新文献
  • 馆藏检索
  • 电子资源
  • 读者导购
  • 参考咨询
  • 我的图书馆
  • 登录
  • 详细信息显示
  • 放入我的书架
  • 预约/预借图书
  • 作者相关作品
  • 分类相关作品
  • 丛书相关作品
  • 出版社相关作品

书目信息

  • 表格格式
  • 工作单格式
  • 卡片格式
题名:
动荡的消费结构
    
 
作者: 胡健 著
分册:  
出版信息: 北京   学苑出版社  1989.3
页数: 135页
开本: 19cm
丛书名: 经济学者对社会的警告
单 册:
中图分类: D6-51
科图分类:
主题词: 政治--中国--丛书
电子资源:
ISBN: 7-80060-309-1
000 00825nam2 2200241 45
001 0189003996
005 20050623155238.5
010    @a7-80060-309-1@dCNY1.65
100    @a19900816d1989 m y0chiy0120 ea
101 0  @achi
102    @aCN@b110000
105    @ay z 000yy
200 10 @a动荡的消费结构@Adong dang de xiao fei jie gou@f胡健著@FHu Jian Zhu
210    @a北京@c学苑出版社@d1989.3
215    @a135页@d19cm
225 2  @a经济学者对社会的警告@f韩朝华主编
330    @a本书考察我国居民消费结构在两种经济运行体制下的变迁,以及目前存在的若干不合理倾向;指出制约我国居民消费结构的主要因素并提出我国居民消费结构合理化的一些初步构想等。
410  0 @120010@a经济学者对社会的警告
606 0  @a政治@x中国@x丛书
690    @aD6-51@v3
701  0 @a胡健@4著
801  0 @aCN@bNLC@c19900816
905    @dD6-51@e30:2@f1@b257120
    
    动荡的消费结构/胡健著.-北京:学苑出版社,1989.3
    135页;19cm.-(经济学者对社会的警告/韩朝华主编)
    
    
    ISBN 7-80060-309-1:CNY1.65
    本书考察我国居民消费结构在两种经济运行体制下的变迁,以及目前存在的若干不合理倾向;指出制约我国居民消费结构的主要因素并提出我国居民消费结构合理化的一些初步构想等。
●
相关链接 在E读中查询图书 在五车中查询图书 在当当中查询图书 在豆瓣中查询图书


正题名:动荡的消费结构     索取号:D6-51/30:2         预约/预借

序号 登录号 条形码 馆藏地/架位号 状态 备注
1 0257119   000484498   密集书库/ [索取号:D6-51/30:2] 在馆    
2 0257120   000484504   第一样本阅览室/ [索取号:D6-51/30:2] 在馆    
3 0257121   000484489   密集书库/ [索取号:D6-51/30:2] 在馆    
唐山师范学院图书馆 欢迎您!
大连网信软件有限公司© 版权所有